[Event "38th IND-chT 2018"]
[Site "Patia"]
[Date "2018.02.09"]
[Round "2"]
[White "Hari Madhavan N B"]
[Black "Visakh N R"]
[Result "0-1"]
[WhiteElo "2086"]
[BlackElo "2457"]
[Annotator "TA"]
[PlyCount "88"]
[EventDate "2018.??.??"]
[EventType "team-tourn"]
[EventCountry "IND"]
[SourceTitle "playchess.com"]
[Source "ChessBase"]
[SourceQuality "1"]

{[%evp 21,88,19,28,6,16,22,31,19,35,0,8,-4,-3,-23,-16,-22,-22,-25,-9,-10,1,0,0,0,0,0,3,-98,-36,-44,-18,-135,-113,-141,-130,-149,-151,-239,-237,-220,-216,-452,-243,-243,-47,-75,-53,-85,-85,-85,-85,-97,-28,-28,-28,-28,-28,-28,-28,-35,-35,-35,-35,-341,-317,-283,-252,-391,-382]} 1. d4 d6 2. Nf3 g6 3. g3 Bg7 4. Bg2 c5 5. O-O cxd4 6. Nxd4 Nf6 7. c4 O-O 8. b3 Nc6 9. Bb2 Bd7 10. Nc3 Qa5 11. e3 Rfc8 {LiveBook: 68 Partien} 12. Nce2 {E60: Königsindisch (ohne Sc3)} (12. h3 Rab8 13. Nde2 a6 14. a4 Nb4 15. Qd2 Qd8 16. Nf4 Bc6 17. e4 a5 18. Ncd5 e6 19. Nxb4 axb4 20. Rfe1 {½-½ (72) Sargissian,G (2672)-Guseinov,G (2646) Riadh 2017}) 12... Rab8 13. Bc3 Qd8 $146 ({Vorgänger:} 13... Qh5 14. Qd2 Qh6 15. Nf3 Nd8 16. Bxf6 Bxf6 17. Rac1 Ne6 18. Nfd4 Nxd4 19. Nxd4 Rc5 {1-0 (52) Binois,R (1842)-Auroy,D (2000) Avoine 2009}) 14. e4 {Weiß steht etwas besser.} a6 {[%cal Ba7a6,Ba6b5,Bb5b4][%mdl 32]} 15. a4 e5 16. Nc2 Be6 17. Ne3 b5 18. axb5 axb5 19. Qd3 b4 20. Bb2 Qb6 21. Nd5 Bxd5 22. cxd5 Na5 23. Bh3 Rc5 24. Rac1 {[#]} (24. Rfe1 $11 {hält das Gleichgewicht.}) 24... Nb7 (24... Qb5 $1 $17 {[%cal Rb5d3]} 25. Qe3 {[#]} Nxb3 $1 {[%mdl 512]} 26. Qxb3 Qxe2 27. Rxc5 dxc5 28. Bxe5 Re8) 25. Qe3 $15 Qb5 (25... Rb5 {seems wilder.} 26. Qf3 Nc5 27. Rc4 Nxd5 28. exd5 e4) 26. f4 (26. Rfe1 $11) 26... exf4 27. Qxf4 Qxe2 28. Bxf6 Rxc1 29. Qxc1 (29. Bxg7 $17 Rxf1+ 30. Bxf1) 29... Bxf6 $19 30. Rxf6 {Und Dc7 würde nun gewinnen.} Nc5 ({Und nicht} 30... Qxe4 31. Qc7 $14) 31. Rxd6 $2 (31. Bf1 {war die einzige Verteidigung.} Qxe4 32. Rf4) 31... Nxe4 (31... Nd3 $142 32. Qf1 Qxe4) 32. Rc6 Nc3 $2 (32... Re8 $19 33. Rc8 Rxc8 34. Qxc8+ Kg7) 33. Bf1 $15 {zielt auf Txc3 ab.} Qe5 {Und weiter mit ...Dd4+ wäre nett.} 34. Qf4 Qxf4 35. gxf4 Nxd5 $17 {[%mdl 4096] Endspiel KTL-KTS} 36. Bc4 Nxf4 ({Lieber} 36... Rd8 $17 37. f5 gxf5) 37. Rf6 $11 {[#]} Ne6 $1 38. Bxe6 fxe6 39. Rxe6 {KT-KT} Kf7 40. Rc6 Rb7 41. Kg2 Kg7 42. h3 $2 {[%mdl 8192]} (42. Rc4 $15) 42... Rd7 $19 43. Rc4 Rd2+ 44. Kg3 (44. Kf1 $142) 44... Rd3+ {Precision: Weiß = 36%, Schwarz = 40%.} 0-1

[Event "38th IND-chT 2018"]
[Site "Patia"]
[Date "2018.02.09"]
[Round "2"]
[White "Sathya, Giri V"]
[Black "Stany, G.A."]
[Result "0-1"]
[WhiteElo "1913"]
[BlackElo "2500"]
[Annotator "TA"]
[PlyCount "54"]
[EventDate "2018.??.??"]
[EventType "team-tourn"]
[EventCountry "IND"]
[SourceTitle "playchess.com"]
[Source "ChessBase"]
[SourceQuality "1"]

{[%evp 21,54,18,66,0,24,33,56,53,43,14,44,12,27,-45,-48,-41,-41,-50,-47,-56,-49,-284,-281,-268,-273,-277,-266,-258,-263,-274,-283,-444,-447,-479,-475]} 1. d4 Nf6 2. Nf3 g6 3. g3 Bg7 4. Bg2 d5 5. O-O O-O 6. c4 dxc4 7. Na3 c3 8. bxc3 c5 9. Bb2 Nc6 10. e3 Bf5 11. Nd2 {D77: Fianchetto Grünfeld: 6 0-0: Replies other than 6...c6} Bg4 {LiveBook: 6 Games} 12. Qa4 (12. f3 $14 Be6 13. Qe2) 12... Bd7 $146 ({Predecessor:} 12... Qd7 13. Qb5 cxd4 14. cxd4 Bh3 15. Rfc1 Bxg2 16. Kxg2 a6 17. Qc5 Rfc8 18. Nac4 Nd8 {1-0 (38) Szabo,G (2552)-Antal,G (2526) Hungary 2011}) 13. Qc4 {White has an edge.} cxd4 14. cxd4 Rc8 15. d5 Nb8 {[%cal Bc6b8,Bb8a6,Ba6c5][%mdl 32]} 16. Qb3 Na6 17. Ndc4 (17. Bd4 $11) 17... Nc5 $15 18. Qd1 Bf5 $36 {[%mdl 2048] Black is pushing.} 19. Bd4 Bd3 20. Re1 Nxd5 {Threatens to win with ...Nc3.} 21. Nb2 $2 (21. Qd2 $15) 21... Nc3 22. Qd2 {And now Qxc3 would win.} N3e4 ({But not} 22... Bxd4 23. exd4 Qxd4 24. Nxd3 $17) 23. Qd1 {[#]} Nxf2 $1 {[%mdl 512]} 24. Qf3 (24. Kxf2 Bxd4) 24... Nfe4 ({Less strong is} 24... Bxd4 25. exd4 Qxd4 26. Qxf2 $17) 25. Nxd3 Nxd3 26. Qxe4 (26. Red1 {was forced.} Nec5 27. Bxg7 Kxg7 28. Qe2) 26... Nxe1 $19 27. Rxe1 Qa5 $1 {[%csl LRa3,LRe1] Precision: White = 33%, Black = 65%.} 0-1

[Event "38th IND-chT 2018"]
[Site "Patia"]
[Date "2018.02.09"]
[Round "2"]
[White "Jayakumar, P.."]
[Black "Swapnil, S.  Dhopade"]
[Result "0-1"]
[WhiteElo "1875"]
[BlackElo "2531"]
[Annotator "TA"]
[PlyCount "78"]
[EventDate "2018.??.??"]
[EventType "team-tourn"]
[EventCountry "IND"]
[SourceTitle "playchess.com"]
[Source "ChessBase"]
[SourceQuality "1"]

{[%evp 12,78,33,-8,2,0,17,-3,12,22,18,16,16,8,17,-4,28,-33,21,-73,25,32,18,-26,36,24,34,29,28,-1044,-252,-976,262,-975,601,-1335,26,-317,0,-459,284,-329,15,-401,85,-305,-56,-240,-229,-250,-227,-283,-287,-287,-268,-291,-278,-377,-367,-571,-555,-485,-366,-455,-481,-6395,-6303,-2149,-1541]} 1. e4 c6 2. d4 d5 3. exd5 cxd5 4. c4 Nf6 5. Nc3 Nc6 6. Bg5 Be6 7. c5 g6 {B13: Caro-Kann: Exchange Variation and Panov-Botvinnik Attack} 8. Bb5 Bg7 9. Nge2 O-O {The position is equal.} (9... Ne4 10. Be3 a6 11. Ba4 O-O 12. O-O Rc8 13. Nf4 Bf5 14. g4 Nxc3 15. bxc3 {½-½ (33) Schroll,G (2403)-Abel,D (2437) Austria 2013}) 10. f3 $146 ({Predecessor:} 10. O-O Ne4 11. Be3 Bf5 12. Rc1 Rc8 13. Nf4 e5 14. Nfe2 Nxc3 15. bxc3 {1-0 (44) Ducarmon,R (2072)-Rey,F (2147) Maastricht 2014}) 10... Ne8 11. Qd2 Nc7 12. Bxc6 bxc6 13. Bh6 f6 14. h4 (14. Bxg7 $11 Kxg7 15. O-O) 14... Bc8 (14... Bxh6 $15 15. Qxh6 Bd7) 15. h5 {[#]} (15. Bxg7 $11 {keeps the balance.} Kxg7 16. h5) 15... g5 (15... Bxh6 $1 $17 16. Qxh6 g5) 16. Bxg7 $11 Kxg7 17. f4 h6 (17... gxf4 $1 $11 18. Qxf4 Rg8) 18. Qd3 {aiming for Qg6+.} Qe8 $1 19. O-O-O e5 20. Qh3 $2 {[%mdl 8192]} (20. dxe5 $11 gxf4 21. exf6+ (21. Nxf4 fxe5 22. Qg3+ Kh7 $16) 21... Rxf6 22. Nxf4) 20... exf4 $2 (20... Bxh3 21. Rxh3 exf4) 21. Nxf4 $2 (21. Qf3) 21... Bf5 $4 {[%mdl 8192]} (21... Bxh3 $19 22. Nxh3 Qe3+ 23. Rd2 Ne6) 22. Ng6 $4 {[%mdl 8192]} (22. Qxf5 $18 gxf4 23. Rh4 (23. Qxf4 Ne6 $16)) 22... Rf7 $4 {[%mdl 8192]} (22... Bxh3 $19 23. Rxh3 Rf7) 23. Nh4 $4 {[%mdl 8192]} (23. Qxf5 $18 Qd7 24. Qf3) 23... Bh7 $2 ({Black should play} 23... Bxh3 $19 24. Rxh3 gxh4 25. Rxh4 Qe3+ 26. Kb1 Rb8) 24. Rhf1 $2 {[%mdl 8192]} (24. Nf5+ $11 Bxf5 25. Qxf5) 24... Qd7 $2 (24... gxh4 $19 25. Rde1 Qd7 26. Qxh4 Ne6) 25. Rfe1 $2 {[%mdl 8192]} (25. Qxd7 $11 {and White is okay.} Rxd7 26. Nf5+ Bxf5 27. Rxf5) 25... Ne6 $4 {[%mdl 8192]} ({Weaker is} 25... gxh4 26. Qxh4 Rg8 27. Rd2 $19) (25... Qxh3 $19 {avoids the disaster.} 26. gxh3 gxh4) 26. Rf1 $4 {[%mdl 8192]} ({Much less strong is} 26. Qxe6 $6 gxh4 27. Qxd7 Rxd7 $16) (26. Rxe6 $18 {is the narrow road to win.} gxh4 27. Rde1) 26... Nf8 $2 (26... gxh4 $19 27. Qxh4 Rg8) 27. Rd2 $2 {[%mdl 8192]} (27. Qxd7 $11 Rxd7 28. Nf5+ Bxf5 29. Rxf5) 27... Kh8 $2 ({Don't play} 27... gxh4 28. Qxh4 Ne6 29. Qg3+ Kh8 30. b3 $19) (27... Qxh3 $19 28. gxh3 gxh4) 28. Nf3 $2 {[%mdl 8192]} (28. Qxd7 $16 {and life is bright.} Nxd7 29. Nf5) 28... Ne6 $2 (28... g4 $19 29. Qg3 gxf3 30. Qxf3 Ne6) 29. g4 $2 ({Better is} 29. Re1 $15 Nf4 30. Qxd7 Rxd7 31. Re3) 29... Nf4 $19 30. Qg3 Re8 31. Nh2 Rfe7 32. Rxf4 gxf4 33. Qxf4 Re1+ 34. Nd1 Kg7 35. Rf2 (35. Qd6 {keeps fighting.} Qxd6 36. cxd6) 35... Qe6 {[#] ( -> ...Rxd1+!)} 36. Nf3 Re4 37. Qh2 Rxg4 {Black is clearly winning.} 38. Kd2 (38. Nd2 $142) 38... Qe4 {[%csl Gh7][%cal Re4c2]} 39. Qc7+ Re7 {Precision: White = 14%, Black = 16%.} 0-1

[Event "38th IND-chT 2018"]
[Site "Patia"]
[Date "2018.02.09"]
[Round "2"]
[White "Sayantan, Chandra"]
[Black "Sengupta, Deep"]
[Result "0-1"]
[WhiteElo "1854"]
[BlackElo "2572"]
[Annotator "TA"]
[PlyCount "48"]
[EventDate "2018.??.??"]
[EventType "team-tourn"]
[EventCountry "IND"]
[SourceTitle "playchess.com"]
[Source "ChessBase"]
[SourceQuality "1"]

{[%evp 25,48,-83,-69,-54,-25,-59,-82,-68,-69,-69,-69,-80,0,-106,-98,-81,-52,-115,-120,-295,-313,-308,-310,-291,-164]} 1. e4 e5 2. d4 exd4 3. Qxd4 Nc6 4. Qe3 Nf6 5. Nc3 Bb4 6. Bd2 O-O 7. O-O-O Re8 8. Qg3 Rxe4 9. a3 Bd6 10. f4 Re8 11. Bd3 Bf8 12. Nf3 d5 13. Rhe1 {C22: Mittelgambit} Ne7 {[%cal Bc6e7,Be7f5,Bf5d6][%mdl 32] LiveBook: 3 Partien} 14. Qf2 (14. Ne5 Nf5 15. Qf2 c6 16. g4 Nd6 17. h3 Nfe4 18. Nxe4 dxe4 19. Bf1 Be6 20. f5 Bd5 {1-0 (41) Valsecchi,A (2445)-Raznikov,D (2484) Tortoreto 2015}) 14... Nf5 15. Rxe8 $146 {Schwarz hat minimalen Vorteil.} ({Vorgänger:} 15. Re5 Ng4 16. Rxe8 Qxe8 17. Qe1 Qxe1 18. Rxe1 Nf6 19. g4 Nxg4 20. Nxd5 Bd7 {½-½ (53) Soszynski,M (2043)-Duenas,A (2016) FICGS email 2011}) 15... Qxe8 16. h3 Nd6 (16... Ne4 $6 17. Qe1 $11) 17. g4 b6 18. Re1 {[#]} Nfe4 (18... Qd8 $1 $17 19. Ne5 Bb7) 19. Qg2 ({Ein No Go ist} 19. Qd4 Bb7 $17) (19. Nxe4 $1 $11 dxe4 20. Ng5) 19... Bb7 $17 20. Ng5 Rd8 {[#]} 21. Ngxe4 ({Günstiger ist} 21. Nxd5 $1 $15 {[%mdl 512]} Bxd5 22. Bxe4 Nxe4 23. Nxe4) 21... dxe4 ({Natürlich nicht} 21... Nxe4 $6 22. Nxe4 dxe4 23. Bxe4 $11) 22. Nxe4 $2 (22. Qf2 $17 {war angesagt.}) 22... Qe6 $19 {Schwarz hat entscheidenden Vorteil.} 23. Qe2 Bxe4 24. Bxe4 Qa2 {Precision: Weiß = 38%, Schwarz = 69%.} ({Minderwertig wäre} 24... Qxe4 25. Qxe4 Nxe4 26. Rxe4 $11) (24... Re8 $142 25. Bxh7+ Kxh7 26. Qxe6 Rxe6 27. Rxe6 fxe6) 0-1

[Event "38th IND-chT 2018"]
[Site "Patia"]
[Date "2018.02.09"]
[Round "3"]
[White "Adhiban, B."]
[Black "Sharma, Dinesh K"]
[Result "1-0"]
[WhiteElo "2643"]
[BlackElo "2238"]
[Annotator "TA"]
[PlyCount "49"]
[EventDate "2018.??.??"]
[EventType "team-tourn"]
[EventCountry "IND"]
[SourceTitle "playchess.com"]
[Source "ChessBase"]
[SourceQuality "1"]

{[%evp 18,49,7,0,31,25,39,39,37,25,38,0,0,0,0,0,0,0,154,144,347,362,357,338,456,521,460,358,818,830,1023,1031,1073,1062]} 1. e4 e6 2. d4 d5 3. Nd2 Nf6 4. e5 Nfd7 5. f4 c5 6. c3 Nc6 7. Ndf3 Qb6 8. a3 a5 9. b3 {C05: French Tarrasch: 3...Nf6 4 e5 Nfd7, 5 f4 and 5 Bd3 sidelines} Be7 10. h4 {LiveBook: 42 Games} Qa7 (10... cxd4 11. cxd4 h5 12. Ra2 Bf8 13. Ne2 Ne7 14. Ng3 Nb8 15. Bd3 Bd7 16. Be3 g6 {0-1 (44) Saiboulatov,D (2388)-Michiels,B (2536) Belgium 2017}) 11. Bb5 $146 {White is slightly better.} ({Predecessor:} 11. h5 f5 12. Nh3 O-O 13. Be3 h6 14. Bd3 Nb6 15. Qe2 Nd7 16. Rg1 cxd4 17. cxd4 {1-0 (27) Collas,S (2360)-Caselas Cabanas,J (2328) Lisbon 2001}) 11... f6 12. Ne2 O-O 13. Bd3 Rb8 14. Ng5 (14. Qc2 $5 {[%cal Rd3h7]} h6 15. Be3 $14) 14... fxg5 15. hxg5 g6 16. Qc2 $1 {Black must now prevent Bxg6!} Kg7 $1 {[%cal Rc5d4]} (16... cxd4 17. Bxg6 $1 {[%mdl 512]} Ndxe5 18. Bxh7+ Kf7 19. g6+ Ke8 20. g7 $18 (20. fxe5 dxc3 21. Rf1 b6 $16)) 17. Rh6 $36 {[%cal Rd3g6][%mdl 2048] Hoping for Bxg6! White has good play.} Rf5 $2 {[#]} (17... Bxg5 $11 18. fxg5 cxd4 19. Bxg6 d3 20. Rxh7+ (20. Bxd3 Qf2+ 21. Kd2 a4 $11) 20... Kg8 21. Qxd3 Qf2+ 22. Kd1 Qf1+ 23. Kd2 Nc5 24. Rh8+ Kg7 25. Rh7+ Kg8 26. Rh8+ Kg7 27. Rh7+ Kg8) 18. g4 $1 $16 {[%cal Rg4f5]} (18. Bxf5 $6 exf5 19. Be3 b5 $11) 18... a4 $2 ({Wrong is} 18... Rf7 $2 {[#]} 19. Bxg6 $1 {[%mdl 512]} Nf8 20. Bxf7) (18... Rxg5 $16 19. fxg5 Nf8) 19. gxf5 $18 exf5 {Black hopes to continue with ...axb3.} 20. b4 ({Don't take} 20. bxa4 cxd4 21. Bb5 Kh8 $18) 20... c4 {[#]} 21. Bxf5 $1 Ndxe5 (21... gxf5 22. Qxf5) 22. Ng3 ({Not} 22. fxe5 Bxf5 23. Qd2 Kg8 $16) 22... Nf3+ $2 (22... Nxd4 23. cxd4 Qxd4) 23. Kf2 {White is clearly winning.} gxf5 24. Kxf3 Qxd4 25. Rxc6 {Precision: White = 74%, Black = 15%.} 1-0

[Event "38th IND-chT 2018"]
[Site "Patia"]
[Date "2018.02.09"]
[Round "3"]
[White "Sengupta, Deep"]
[Black "Agarwal, Brajesh"]
[Result "1-0"]
[WhiteElo "2572"]
[BlackElo "1899"]
[Annotator "TA"]
[PlyCount "40"]
[EventDate "2018.??.??"]
[EventType "team-tourn"]
[EventCountry "IND"]
[SourceTitle "playchess.com"]
[Source "ChessBase"]
[SourceQuality "1"]

{[%evp 25,27,46,41,33]} 1. e4 e6 2. d4 d5 3. Nd2 Nf6 4. e5 Nfd7 5. Bd3 c5 6. c3 Nc6 7. Ne2 cxd4 8. cxd4 f6 9. exf6 Nxf6 10. Nf3 Bd6 11. O-O O-O 12. Bf4 Nh5 13. Bxd6 {C06: French Tarrasch: 3...Nf6 4 e5 Nfd7 5 Bd3 main lines} Qxd6 {LiveBook: 62 Games} 14. Nc3 (14. Qd2 Bd7 15. Qe3 Nf4 16. Nxf4 Qxf4 17. Rfe1 a6 18. Rad1 g6 19. Bb1 Rac8 20. h3 Rf6 {0-1 (41) Schroeder,J (2529)-Timman,J (2574) Germany 2017}) {Predecessor:} 14... Nf4 $146 15. Bb5 Ne7 16. Re1 a6 17. Bf1 Bd7 18. Ne5 Be8 19. g3 Nfg6 20. Bh3 Nf5 {1-0 (88) Sosa,T (2466)-Dolezal,C (2426) Buenos Aires 2017} 1-0

[Event "38th IND-chT 2018"]
[Site "Patia"]
[Date "2018.02.09"]
[Round "3"]
[White "Sengupta, Deep"]
[Black "Agarwal, Brajesh"]
[Result "*"]
[WhiteElo "2572"]
[BlackElo "1899"]
[Annotator "TA"]
[PlyCount "47"]
[EventDate "2018.??.??"]
[EventType "team-tourn"]
[EventCountry "IND"]
[SourceTitle "playchess.com"]
[Source "ChessBase"]
[SourceQuality "1"]

{[%evp 22,23,37,25]} 1. e4 e6 2. d4 d5 3. Nd2 Nf6 4. e5 Nfd7 5. Bd3 c5 6. c3 Nc6 7. Ne2 cxd4 8. cxd4 f6 9. exf6 Nxf6 10. Nf3 Bd6 11. O-O O-O 12. Bf4 {Vorgänger:} Bxf4 $146 13. Nxf4 Ne4 14. Ne2 Rxf3 15. gxf3 Ng5 16. Kh1 e5 17. Qb3 Qf6 18. Be4 Ne7 19. Nc3 Nxe4 20. Nxe4 Qf4 21. dxe5 Bd7 22. Rg1 Qxe5 23. Rae1 Bc6 24. Ng5 {1-0 (43) Safarli,E (2668)-Volkov,S (2617) Nakhchivan 2017} *

[Event "38th IND-chT 2018"]
[Site "Patia"]
[Date "2018.02.09"]
[Round "3"]
[White "Narayanan, Srinath"]
[Black "Bose, Sayan"]
[Result "1-0"]
[WhiteElo "2530"]
[BlackElo "1963"]
[Annotator "TA"]
[PlyCount "57"]
[EventDate "2018.??.??"]
[EventType "team-tourn"]
[EventCountry "IND"]
[SourceTitle "playchess.com"]
[Source "ChessBase"]
[SourceQuality "1"]

{[%evp 18,57,31,18,62,47,54,43,52,30,59,44,39,64,45,62,52,48,73,10,4,4,131,121,132,124,120,56,54,0,0,0,0,0,87,0,0,0,0,0,2076,2049]} 1. e4 c5 2. Nf3 e6 3. d4 cxd4 4. Nxd4 a6 5. Nc3 Qc7 6. Be2 Nf6 7. O-O Be7 8. f4 d6 9. Be3 Nc6 10. Qe1 h5 {B84: Sicilian Scheveningen: 6 Be2 a6, lines without early Be3} (10... O-O 11. Qg3 Nxd4 12. Bxd4 b5 13. a3 Bb7 14. Rae1 Rad8 15. Bd3 Qd7 16. Nd1 Nh5 17. Qg4 Nf6 18. Qh3 e5 19. fxe5 Qxh3 20. gxh3 dxe5 21. Bxe5 Nd7 22. Bc7 {0-1 (60) Vachier Lagrave,M (2795)-Grischuk,A (2750) chess.com INT 2017}) 11. h3 Bd7 12. Qf2 b5 {White is slightly better.} 13. a3 {[#]} Nxd4 $146 ({Predecessor:} 13... Rc8 14. Nb3 O-O 15. Rad1 b4 16. axb4 Nxb4 17. Bf3 e5 {1-0 (56) Radovanovic,N (2398)-Damljanovic,B (2543) Banja Vrujci 2017}) 14. Bxd4 {Threatens to win with e5.} Bc6 $1 15. e5 $36 {[%mdl 2048] White has the initiative.} Ne4 16. Nxe4 Bxe4 17. exd6 Bxd6 18. Bf3 ({Not} 18. Bxg7 $2 Rg8 $19) ({Better is} 18. Rac1 $16) 18... Bxf3 $11 19. Qxf3 Rc8 (19... O-O $1 $11 {remains equal.}) 20. Bxg7 $16 Rg8 21. Bc3 h4 22. Kh1 (22. Rae1 $16) 22... Rg3 23. Qe2 (23. Qe4 $14) 23... Qb7 $1 $11 24. Kh2 Rc4 $1 25. Rad1 Qc6 {[#]} (25... Bxf4 $11 {keeps the balance.} 26. Rxf4 Rxf4) 26. Rd2 (26. Rd4 $1 $16) 26... Rgxc3 ({Don't go for} 26... Bxf4 $2 {[#]} 27. Rxf4 $1 {[%mdl 512]} Qxg2+ 28. Qxg2 $18) 27. bxc3 {Hoping for Qg4.} Bxf4+ 28. Rxf4 {Intending Qh5! and mate.} Rxf4 $4 {[%mdl 8192]} (28... Qc7 $11) 29. Qe5 {Precision: White = 33%, Black = 57%.} 1-0

[Event "38th IND-chT 2018"]
[Site "Patia"]
[Date "2018.02.09"]
[Round "3"]
[White "Shyam, Sundar M"]
[Black "Das, Arghyadip"]
[Result "1/2-1/2"]
[WhiteElo "2521"]
[BlackElo "2443"]
[Annotator "TA"]
[PlyCount "84"]
[EventDate "2018.??.??"]
[EventType "team-tourn"]
[EventCountry "IND"]
[SourceTitle "playchess.com"]
[Source "ChessBase"]
[SourceQuality "1"]

{[%evp 11,84,13,21,25,25,16,30,0,2,-12,0,-11,-8,-3,0,0,0,-33,-31,-27,-27,-27,0,-12,-8,0,0,0,3,0,0,-12,-17,-76,-6,-23,-30,-19,-10,-10,-10,-7,0,0,0,0,0,0,0,0,0,0,0,0,0,0,0,0,53,25,37,37,37,38,23,31,31,43,134,0,12,0,83,0,8]} 1. e4 e6 2. d4 d5 3. Nd2 Be7 4. Bd3 c5 5. dxc5 Nf6 6. Qe2 O-O 7. Ngf3 {C03: French Tarrasch: Unusual Black 3rd moves} a5 {[%cal Ba7a5,Ba5a4][%mdl 32]} 8. O-O Na6 {[%cal Bb8a6,Ba6c5,Bc5e4][%mdl 32]} 9. exd5 {White has an edge.} (9. e5 Nd7 10. c3 Naxc5 11. Bb5 f6 12. exf6 Bxf6 13. Nb3 Nxb3 14. axb3 e5 15. Bxd7 Bxd7 16. Nxe5 {1-0 (45) Zhigalko,S (2652)-Shirov,A (2673) Baku 2016}) 9... exd5 10. Nb3 Nxc5 11. Bb5 a4 12. Nbd4 Nce4 13. a3 Bg4 14. Be3 $146 ({Predecessor:} 14. c3 Bc5 15. Qd1 Qa5 16. Bd3 Rfe8 17. Be3 Nd7 18. h3 Bxf3 19. Qxf3 Ne5 20. Qe2 {½-½ (20) Stalmach,K (2360)-Boukal,P (2435) ICCF email 2004}) 14... Bc5 15. c3 Qb6 16. Rfe1 Nd6 {[#] Strongly threatening ...Bxf3.} 17. Bd3 Rfe8 18. Rab1 Re7 19. h3 Bh5 20. Nc2 Rae8 21. Bxc5 Qxc5 22. Ne3 {[#]} (22. Qd2 $11) 22... Nfe4 (22... Nde4 $1 $17 {[%cal Re4g5]} 23. g4 Bg6) 23. g4 $11 Bg6 {Threatens to win with ...Nxf2!} 24. Rbd1 $1 Nxf2 25. Qxf2 {Hoping for Nf5.} Rxe3 26. Rxe3 Qxe3 27. Bxg6 hxg6 28. Qxe3 Rxe3 {[%mdl 4096] Endgame KRN-KRN} 29. Kf2 Re6 30. Rxd5 Ne4+ 31. Kf1 Rf6 32. Ke2 Re6 33. Re5 (33. Ra5 {seems wilder.} Nxc3+ 34. Kf1 Ne4 35. Ra8+ Kh7 36. Rxa4 f6 37. Rb4) 33... Rxe5 34. Nxe5 {KN-KN} g5 (34... Nc5 $11) 35. Ke3 Nc5 $1 36. Nc4 Kf8 37. Nb6 Ke7 38. Kd4 Ne6+ 39. Ke4 Nc5+ ({Better is} 39... Kd6 $14) 40. Kd4 ({Only move:} 40. Kd5 $16 Ne6 41. Nxa4) 40... Ne6+ 41. Ke4 ({White should try} 41. Ke5 $11) 41... Nc5+ $1 $16 42. Kd4 ({White should play} 42. Kd5 $16 Ne6 43. Nxa4) 42... Ne6+ {Precision: White = 55%, Black = 71%.} 1/2-1/2

[Event "38th IND-chT 2018"]
[Site "Patia"]
[Date "2018.02.09"]
[Round "3"]
[White "Deepan Chakkravarthy J."]
[Black "Rakesh Kumar Jena"]
[Result "1-0"]
[WhiteElo "2516"]
[BlackElo "2387"]
[Annotator "TA"]
[PlyCount "75"]
[EventDate "2018.??.??"]
[EventType "team-tourn"]
[EventCountry "IND"]
[SourceTitle "playchess.com"]
[Source "ChessBase"]
[SourceQuality "1"]

{[%evp 24,75,0,0,0,0,4,0,0,0,4,0,4,0,0,0,0,0,0,0,0,0,0,0,56,47,62,62,63,23,108,-77,77,28,184,120,620,607,587,568,448,316,314,305,416,218,213,164,164,156,231,237,201,2]} 1. e4 c5 2. Nf3 Nc6 3. Bb5 g6 4. Bxc6 bxc6 5. O-O Bg7 6. Re1 Nf6 7. c3 O-O 8. h3 Rb8 {B31: Sicilian: 2...Nc6 3 Bb5 g6} 9. d4 cxd4 10. cxd4 d6 11. Nc3 Nd7 12. b3 c5 13. Be3 {LiveBook: 8 Games} Bb7 14. Rc1 {[#]} Qa5 $146 15. Qd2 Rfc8 16. d5 Ba6 17. Bh6 Bh8 18. Bf4 c4 19. b4 Qxb4 (19... Rxb4 {keeps more tension.} 20. e5 Rb6 21. e6 fxe6 22. Rxe6 Bxc3 23. Rxc3 Nf6) 20. e5 $1 dxe5 21. Nxe5 Nxe5 22. Bxe5 Bxe5 23. Rxe5 Qd6 (23... Rb7 $11) 24. Rce1 $1 $14 {[%mdl 1024] White has compensation.} Rc7 25. Qe3 $1 Rbb7 26. Qg3 Rb6 (26... f6 $11 {keeps the balance.} 27. Rxe7 Qxg3 28. Re8+ Kf7 29. fxg3 Re7 30. R1xe7+ Rxe7) 27. h4 $2 (27. Ne4 $1 $16 {[%cal Re4d6] is necessary to keep the advantage.} Qb4 28. Nc3) 27... Kg7 $2 (27... f6 $1 $17 {[%cal Rf6e5] stays on course.} 28. R5e2 Qxg3 29. fxg3 Kf8) 28. Qe3 (28. Ne4 $5 {[%cal Re4d6]} Qb4 29. Ng5 $15) 28... Qf6 $2 {[#]} (28... Bb7 $11) 29. h5 ({Better is} 29. Qd4 $1 $18 {Hoping for Ne4.} Kg8 30. h5) 29... Rd7 $2 {[%mdl 8192]} (29... Qd6 $16) 30. h6+ $18 Kf8 31. Qg3 Qd6 32. Na4 Rb8 {[#]} 33. Qc3 $1 {Threatening mate with Rxe7.} Qf6 34. Nc5 (34. g4 $142) 34... Rxd5 {White is clearly better.} 35. Nxa6 Rxe5 36. Qxe5 {[%cal Re5b8]} ({Not} 36. Nxb8 Rxe1+ 37. Qxe1 Qd6 $14) 36... Rb1 (36... Qxe5 $16 37. Rxe5 Rb1+ 38. Kh2 Rb2) 37. Rxb1 {[%cal Re5b8]} Qxe5 38. Rb8+ {[%mdl 32768] Precision: White = 63%, Black = 39%. . Loss on Time!?} 1-0